Statistics for Click the Rihanna Song Title Ending

Click here to take the quiz!

General Stats

  • This quiz has been taken 48 times
  • The average score is 12 of 13

Answer Stats

HintAnswer% Correct
Where Have YouBeen
100%
We FoundLove
100%
B***h Better Have MyMoney
98%
What's MyName
98%
Lift MeUp
98%
RudeBoy
93%
Love on theBrain
91%
BirthdayCake
91%
Kiss ItBetter
89%
Pon deReplay
87%
NeededMe
80%
California KingBed
78%
RainingMen
67%

Score Distribution

Percentile by Number Answered

Percent of People with Each Score

Your Score History

You have not taken this quiz